Improbidade administrativa : (Record no. 414)

MARC details
000 -LÍDER
Campo Fixo de Controle 00969nam a2200277 a 4500
001 - NÚMERO DE CONTROLE
Campo de Controle 414
003 - IDENTIFICAÇÃO DO NÚMERO DE CONTROLE
Campo de Controle BR-CuiBMT
005 - DATA E HORA DA ÚLTIMA ATUALIZAÇÃO
Campo de Controle 20231123170030.0
008 - DADOS FIXOS
Dados Fixos 230904s2015 bab 000 0 por d
020 ## - INTERNATIONAL STANDARD BOOK NUMBER
Nº do ISBN 9788544205075
040 ## - AGÊNCIA CATALOGADORA
Código da Agência Catalogadora BR-CuiBMT
Agência que transcreveu o registro BR-CuiBMT
080 ## - Nº DA CLASSIFICAÇÃO DECIMAL UNIVERSAL
Nº edição CDU 2007
Nº Class. CDU 35.086:343.35
090 ## - NÚMERO DE CHAMADA
Nº classificação 35.086:343.35
Cutter M455i
100 1# - ENTRADA PRINCIPAL -- AUTOR PESSOAL
Nome pessoal Maurício Junior, André Jackson de Holanda
245 10 - TÍTULO PRINCIPAL
Título principal Improbidade administrativa :
Subtítulo Lei n. 8.429/92 /
Indicação de responsabilidade André Jackson de Holanda Maurício Junior, Ronny Charles Lopes de Torres.
260 ## - PUBLICAÇÃO, DISTRIBUIÇÃO, ETC.
Local de publicação Salvador :
Editora JusPODIVM,
Data 2015.
300 ## - DESCRIÇÃO FÍSICA
N. páginas ou volumes 668 p. ;
Dimensões 21 cm
490 1# - INDICAÇÃO DE SÉRIE
Título da série Coleção leis especiais para concursos ;
Volume/designação sequencial da série v. 23
504 ## - NOTA DE BIBLIOGRAFIA, ETC.
Nota de bibliografia Inclui bibliografia.
650 ## - ASSUNTO TÓPICO
Cabeçalho tópico ou nome geográfico Processo administrativo
650 ## - ASSUNTO TÓPICO
Cabeçalho tópico ou nome geográfico Agente público
Subdivisão geral Responsabilidade
650 ## - ASSUNTO TÓPICO
Cabeçalho tópico ou nome geográfico Crime contra administração pública
700 1# - ENTRADA SECUNDÁRIA -- NOME PESSOAL
Nome pessoal Torres, Ronny Charles Lopes de
830 #0 - ENTRADA SECUNDÁRIA DE SÉRIE -- TÍTULO UNIFORME
Título uniforme Coleção leis especiais para concurso ;
Nº do volume/designação sequencial da série 23
942 ## - ELEMENTOS DE ENTRADA ADICIONAIS (KOHA)
Fonte de classificação ou esquema de arquivamento Classificação Decimal Universal
Tipo de item do Koha Livros
Holdings
Estado: removido Estado: perdido Fonte de classificação ou esquema de arquivamento Estado: danificado Indisponível para empréstimo Localização permanente Localização atual Data de aquisição Total Checkouts Número de Chamada completo Código de barras Date last seen Número do exemplar Preço efetivo a partir de Tipo de item (Koha)
    Classificação Decimal Universal     Biblioteca da Escola Superior de Contas do TCE/MT Biblioteca da Escola Superior de Contas do TCE/MT 06/11/2023   35.086:343.5 M455i BIBTCEMT23110140 06/11/2023 Ex. 1 06/11/2023 Livros

Powered by Koha